| 000 | 00712nam a2200205 i 4500 | ||
|---|---|---|---|
| 001 | 182388 | ||
| 003 | ES-MaACL | ||
| 005 | 20250716063338.0 | ||
| 008 | 130807s1921 fr |||| | fre d | ||
| 100 | 1 |
_aPascal, Blaise, _d1623-1662 _989307 |
|
| 245 | 1 | 0 |
_aPensées _b: extraits / _cPascal ; notice et notes par J. Calvet. |
| 250 | _aNouvelle édit. | ||
| 260 |
_aParis : _bLibrairie Hatier, _c[1921] |
||
| 300 |
_a93 p. ; _c18 cm. |
||
| 490 | 1 |
_aLes classiques pour tous ; _v119 |
|
| 700 | 0 |
_aCalvet, J. _933810 |
|
| 830 | 0 |
_aLes classiques pour tous ; _v119 _9189070 |
|
| 852 |
_aES-MaACL _j2321-F-13 _z.- Donat. herederos de la bibl. de Mª del Pilar Costa Palacín |
||
| 999 |
_c182388 _d182388 |
||